000 00426nam a2200157 i 4500
001 70359
003 ES-MaACL
005 20230906170810.0
007 t|
008 040722s1966 sp ||||1| spa d
100 1 _aGarcía-Salve, Francisco.
_955252
245 1 0 _aHombre para Dios /
_cFrancisco García-Salve.
260 _aBilbao :
_bMensajero,
_c1966.
300 _a271 p. ;
_c19 cm.
852 _aES-MaACL
_jC-29652
_bR.60046
999 _c70359
_d70359